[Event "XIII American Continental"]
[Site "Montevideo URU"]
[Date "2018.06.07"]
[Round "7"]
[White "Kulik, Nicolas"]
[Black "Pinero, Ismael"]
[Result "1/2-1/2"]
[WhiteElo "1367"]
[BlackElo "1883"]
[EventDate "2018.06.01"]
[PlyCount "55"]

1.d4 Nf6 2.c4 g6 3.Nc3 Bg7 4.Nf3 d6 5.e4 O-O 6.Be2 Na6 7.a3 e5 8.d5 Nh5 9.
O-O Nf4 10.b4 f5 11.Bd2 fxe4 12.Nxe4 Bg4 13.Re1 Nxe2+ 14.Qxe2 Bxf3 15.gxf3
h6 16.Kh1 Qd7 17.Rg1 Kh7 18.Rg3 Qf5 19.Kg2 Rf7 20.Rh3 Kg8 21.Bxh6 Bxh6 22.
Rxh6 Raf8 23.Rh3 Rh7 24.Rxh7 Kxh7 25.Rg1 Rh8 26.Qe3 Kg7 27.Rh1 b6 28.h3 
1/2-1/2

[Event "XIII American Continental"]
[Site "Montevideo URU"]
[Date "2018.06.07"]
[Round "7"]
[White "Do Prado, Hamilton Mesquita"]
[Black "Shih Ferreira, Yin Chieh"]
[Result "1-0"]
[WhiteElo "1681"]
[BlackElo "1378"]
[EventDate "2018.06.01"]
[PlyCount "117"]

1.d4 d5 2.Bf4 Nf6 3.Nd2 c6 4.e3 Bf5 5.c3 e6 6.Qb3 b6 7.Be2 Bd6 8.Ngf3 Bxf4
9.exf4 h6 10.Ne5 Qc7 11.O-O O-O 12.Kh1 Nfd7 13.g4 Nxe5 14.fxe5 f6 15.gxf5 
fxe5 16.Nf3 e4 17.Ne5 exf5 18.c4 Nd7 19.Ng6 Rf6 20.cxd5 Kh7 21.Ne7 Nc5 22.
dxc5 Qxe7 23.cxb6 axb6 24.dxc6 Rxc6 25.Rac1 Rac8 26.Qe3 Qb7 27.Rxc6 Rxc6 
28.Rc1 Rxc1+ 29.Qxc1 e3+ 30.Kg1 exf2+ 31.Kxf2 Qb8 32.Kg2 Qa8+ 33.Bf3 Qxa2 
34.Qc2 Qe6 35.Qc6 Qxc6 36.Bxc6 g5 37.Kf3 Kg7 38.Bd7 Kf6 39.Ke3 f4+ 40.Kf3 
Ke5 41.Bc8 h5 42.h3 h4 43.Bd7 Kd6 44.Bc8 Ke5 45.Bb7 Kf5 46.Ba8 Ke5 47.Kg4 
Kf6 48.Be4 Ke5 49.Bb7 Kf6 50.Kh5 Kf5 51.Bc8+ Ke4 52.Kxg5 f3 53.Kxh4 Kf4 
54.Ba6 f2 55.Bb5 Kf3 56.Kg5 Kg2 57.h4 f1=Q 58.Bxf1+ Kxf1 59.h5 1-0

[Event "XIII American Continental"]
[Site "Montevideo URU"]
[Date "2018.06.07"]
[Round "7"]
[White "Torres Acosta, Raul"]
[Black "Aprahamian, Tomas"]
[Result "1-0"]
[WhiteElo "1676"]
[BlackElo "1399"]
[EventDate "2018.06.01"]
[PlyCount "95"]

1.e4 e6 2.d4 d5 3.Nc3 Bb4 4.exd5 exd5 5.Nf3 Ne7 6.Be2 O-O 7.O-O c6 8.Be3 
Qc7 9.Qd2 Bd6 10.Rae1 Nf5 11.h3 Nxe3 12.fxe3 Bg3 13.Rd1 Nd7 14.e4 dxe4 15.
Nxe4 Bf4 16.Qd3 Nb6 17.Nfg5 f5 18.Qb3+ Kh8 19.Rxf4 Qxf4 20.Nf7+ Rxf7 21.
Qxf7 Qe3+ 22.Kf1 Be6 23.Qxe6 Qxe4 24.Qxe4 fxe4 25.c4 Rf8+ 26.Ke1 Rd8 27.b3
Nc8 28.Bg4 Ne7 29.Ke2 Ng6 30.Ke3 Ne7 31.Kxe4 g6 32.Be6 Kg7 33.Ke5 c5 34.d5
Nc6+ 35.dxc6 Rxd1 36.cxb7 Rd8 37.Bc8 Rd2 38.b8=Q Rxa2 39.Qc7+ Kh6 40.g4 
Rb2 41.h4 Rg2 42.g5+ Rxg5+ 43.hxg5+ Kxg5 44.Qxh7 a5 45.Qh3 a4 46.Qg4+ Kh6 
47.Kf6 axb3 48.Qxg6# 1-0

[Event "XIII American Continental"]
[Site "Montevideo URU"]
[Date "2018.06.07"]
[Round "7"]
[White "Cardozo, Camila"]
[Black "Podesta, Sofia"]
[Result "1-0"]
[WhiteElo "1586"]
[BlackElo "1195"]
[EventDate "2018.06.01"]
[PlyCount "115"]

1.d4 e6 2.Bf4 f5 3.e3 Nf6 4.Nf3 Be7 5.h3 O-O 6.c4 d5 7.Nc3 c6 8.Bd3 Ne4 9.
O-O Nd7 10.Ne5 Bg5 11.Bh2 Nxc3 12.bxc3 f4 13.Qh5 h6 14.Ng6 Qe8 15.Qd1 fxe3
16.f4 dxc4 17.Bc2 Rf5 18.fxg5 Qxg6 19.Bxf5 exf5 20.gxh6 gxh6 21.Rf3 Qe6 
22.Qe2 Nf6 23.Rxe3 Ne4 24.Re1 Bd7 25.g4 Qg6 26.Qxc4+ Be6 27.Qe2 fxg4 28.
hxg4 Bxg4 29.Qg2 Ng5 30.Qxg4 Nh3+ 31.Rxh3 Qxg4+ 32.Rg3 Qxg3+ 33.Bxg3 Rf8 
34.Kg2 Rf7 35.Re6 Kh7 36.Be5 Rd7 37.Kg3 Rf7 38.Bf4 Rg7+ 39.Kh4 Rg6 40.Re7+
Rg7 41.Rxg7+ Kxg7 42.Kh5 Kf6 43.Bxh6 Ke6 44.Kg4 Kd5 45.Kf5 Kc4 46.Bd2 Kd3 
47.Be1 Ke2 48.c4 Kxe1 49.d5 cxd5 50.cxd5 b5 51.d6 a5 52.d7 b4 53.d8=Q a4 
54.Qe7+ Kd1 55.Qxb4 Kc1 56.Ke4 a3 57.Kd3 Kd1 58.Qd2# 1-0

[Event "XIII American Continental"]
[Site "Montevideo URU"]
[Date "2018.06.07"]
[Round "7"]
[White "Ribeiro, Gilnei Guedes"]
[Black "Campora, Edgardo"]
[Result "0-1"]
[WhiteElo "1445"]
[BlackElo "1772"]
[EventDate "2018.06.01"]
[PlyCount "94"]

1.d4 Nf6 2.Bf4 d6 3.e3 g6 4.Be2 Bg7 5.Nf3 Nh5 6.Bg5 h6 7.Bh4 g5 8.Nfd2 Nf6
9.Bg3 c5 10.c3 Bf5 11.f3 Bg6 12.b4 cxb4 13.Qa4+ Nc6 14.cxb4 Nd5 15.Qb3 
Ndxb4 16.Na3 a5 17.Rc1 O-O 18.O-O e6 19.Nb5 e5 20.a3 Na6 21.Qd5 exd4 22.
exd4 Nc7 23.Nxc7 Qxc7 24.Bf2 Qe7 25.Ne4 Rfe8 26.Bd3 Qe6 27.Qb5 Nxd4 28.
Qxb7 Reb8 29.Qc7 Be5 30.Bxd4 Bxd4+ 31.Kh1 Be5 32.Qc2 Rb2 33.Qd1 Rab8 34.a4
Qd7 35.Bb5 Qe7 36.Nf2 Bf4 37.Re1 Qa7 38.Nd3 Rd2 39.Qb3 Rxd3 40.Qb2 Bxc1 
41.Qxc1 Rd5 42.h3 Qc5 43.Qa1 Qd4 44.Qa2 Qd2 45.Qa1 Rc8 46.Kh2 Rc2 47.Re2 
Qc3 0-1

[Event "XIII American Continental"]
[Site "Montevideo URU"]
[Date "2018.06.07"]
[Round "7"]
[White "Baratta, Daniel"]
[Black "Amaral, Francisco"]
[Result "1/2-1/2"]
[WhiteElo "1193"]
[BlackElo "1637"]
[EventDate "2018.06.01"]
[PlyCount "58"]

1.d4 d5 2.c4 e6 3.Nc3 Nf6 4.Nf3 Be7 5.Bg5 b6 6.e3 Bb7 7.Be2 Nbd7 8.O-O O-O
9.Re1 c5 10.Rc1 h6 11.Bxf6 Nxf6 12.Bd3 Ne4 13.cxd5 exd5 14.Nd2 Nxd2 15.
Qxd2 f5 16.Qc2 f4 17.exf4 Rxf4 18.Re2 Qf8 19.Rce1 Bd6 20.Nb5 a6 21.Nxd6 
Qxd6 22.Bh7+ Kf8 23.Bg6 Bc6 24.Re6 Qc7 25.g3 Rf6 26.Qd2 Rxe6 27.Rxe6 Be8 
28.Qe2 Bxg6 29.Rxg6 cxd4 1/2-1/2

[Event "XIII American Continental"]
[Site "Montevideo URU"]
[Date "2018.06.07"]
[Round "7"]
[White "Oviedo, Mathias"]
[Black "Macias Araya, Javier"]
[Result "1-0"]
[WhiteElo "1611"]
[BlackElo "1378"]
[EventDate "2018.06.01"]
[PlyCount "83"]

1.e4 e5 2.Nf3 Nc6 3.Bc4 Nf6 4.d3 d5 5.exd5 Nxd5 6.Qe2 Be7 7.Nxe5 Nd4 8.Qd1
O-O 9.O-O Be6 10.c3 Nc6 11.Nxc6 bxc6 12.Nd2 Bd6 13.Nf3 Qf6 14.Re1 Bg4 15.
Bg5 Qg6 16.Ne5 Qxg5 17.Nxg4 h5 18.Ne3 Rae8 19.Qf3 Ne7 20.Re2 g6 21.Rae1 a5
22.Nc2 Rb8 23.Nd4 Rb6 24.g3 c5 25.Nb5 Nf5 26.Re8 Rb8 27.Qd5 Rbxe8 28.Rxe8 
Qf6 29.Rxf8+ Kxf8 30.Nxd6 cxd6 31.Qa8+ Kg7 32.Qxa5 Qg5 33.Qc7 Qf6 34.a4 
Qe7 35.Qxe7 Nxe7 36.a5 Nc8 37.b4 Kf8 38.b5 Ke7 39.b6 Nxb6 40.axb6 Kd7 41.
Bxf7 Kc6 42.Bxg6 1-0

[Event "XIII American Continental"]
[Site "Montevideo URU"]
[Date "2018.06.07"]
[Round "8"]
[White "Cori Tello, Jorge"]
[Black "Flores, Diego"]
[Result "0-1"]
[WhiteElo "2659"]
[BlackElo "2614"]
[EventDate "2018.06.01"]
[PlyCount "103"]

1.d4 Nf6 2.c4 e6 3.Nf3 c5 4.d5 exd5 5.cxd5 d6 6.Nc3 g6 7.Bf4 Bg7 8.Qa4+ 
Bd7 9.Qb3 b5 10.Bxd6 Qb6 11.Be5 O-O 12.e3 b4 13.Nb1 Bf5 14.Nbd2 Nbd7 15.
Bg3 a5 16.Nc4 a4 17.Qd1 Qb7 18.Nd6 Qxd5 19.Bc4 Qxd1+ 20.Rxd1 Nb6 21.Nd2 
Nxc4 22.N2xc4 Be6 23.Be5 Rfd8 24.a3 Rab8 25.O-O Ne8 26.Bxg7 Nxd6 27.Nxd6 
Kxg7 28.Ne4 Rdc8 29.Rc1 c4 30.axb4 Rxb4 31.Nc3 Bd7 32.Rfd1 Be8 33.Rd2 Rcb8
34.Nd1 a3 35.bxa3 Rb1 36.Rxc4 R8b2 37.Rd8 Rb8 38.Rd2 R8b2 39.Rd8 Bb5 40.
Rcd4 Be2 41.h4 Rc2 42.Kh2 Rcc1 43.a4 Bxd1 44.a5 Ra1 45.Ra8 Bb3 46.g4 Ra2 
47.g5 Rxf2+ 48.Kg3 Rcc2 49.Rdd8 Rg2+ 50.Kf3 Rcf2+ 51.Ke4 Bc2+ 52.Kd4 0-1

[Event "XIII American Continental"]
[Site "Montevideo URU"]
[Date "2018.06.07"]
[Round "8"]
[White "El Debs, Felipe De Cresce"]
[Black "Xiong, Jeffery"]
[Result "1/2-1/2"]
[WhiteElo "2537"]
[BlackElo "2656"]
[EventDate "2018.06.01"]
[PlyCount "51"]

1.e4 c5 2.Nf3 d6 3.Bb5+ Nd7 4.d4 cxd4 5.Qxd4 a6 6.Bxd7+ Bxd7 7.Nc3 Rc8 8.
e5 Bc6 9.exd6 Qxd6 10.Qxd6 exd6 11.Bf4 Bxf3 12.gxf3 Rc4 13.Be3 Ne7 14.
O-O-O Nf5 15.Rhe1 Be7 16.Nd5 Bd8 17.b3 Rc8 18.Bf4+ Kd7 19.Ne3 Rc5 20.Nxf5 
Rxf5 21.Bxd6 Kc6 22.Re4 b5 23.Be5 Bg5+ 24.Kb1 Rd8 25.Rxd8 Bxd8 26.Re3 
1/2-1/2

[Event "XIII American Continental"]
[Site "Montevideo URU"]
[Date "2018.06.07"]
[Round "8"]
[White "Mareco, Sandro"]
[Black "Erenburg, Sergey"]
[Result "1/2-1/2"]
[WhiteElo "2643"]
[BlackElo "2563"]
[EventDate "2018.06.01"]
[PlyCount "41"]

1.e4 c6 2.d4 d5 3.e5 Bf5 4.Nf3 e6 5.Be2 Ne7 6.O-O Bg6 7.c3 Nd7 8.Nh4 Nf5 
9.Nxg6 hxg6 10.Nd2 f6 11.Nf3 Qb8 12.exf6 gxf6 13.c4 Qc7 14.h3 Bd6 15.Re1 
Bb4 16.Bd2 Bxd2 17.Qxd2 Qd6 18.cxd5 cxd5 19.Rac1 Kf7 20.Rc3 Rae8 21.Rec1 
1/2-1/2

[Event "XIII American Continental"]
[Site "Montevideo URU"]
[Date "2018.06.07"]
[Round "8"]
[White "Hungaski, Robert"]
[Black "Cordova Daza, Emilio"]
[Result "1/2-1/2"]
[WhiteElo "2510"]
[BlackElo "2621"]
[EventDate "2018.06.01"]
[PlyCount "95"]

1.Nf3 c5 2.c4 b6 3.g3 Bb7 4.Bg2 Nf6 5.O-O d6 6.b3 g6 7.Bb2 Bg7 8.d4 cxd4 
9.Qxd4 Nbd7 10.Nc3 O-O 11.Ne1 Bxg2 12.Nxg2 a6 13.Ne3 Rb8 14.Rfd1 Re8 15.
Rac1 Qc8 16.Ncd5 h5 17.Rc2 Qb7 18.Qf4 Rbc8 19.Qf3 Qb8 20.Bxf6 Nxf6 21.
Nxf6+ Bxf6 22.Nd5 Bg7 23.Rdc1 Bh6 24.e3 Bg7 25.a4 Kf8 26.b4 Qb7 27.Kg2 e6 
28.Nf4 Qxf3+ 29.Kxf3 Rc7 30.Ke2 Rec8 31.Kd3 Ke8 32.h4 Bf8 33.Ne2 Be7 34.
Nd4 e5 35.Nb3 d5 36.c5 bxc5 37.Nxc5 Bxc5 38.Rxc5 Rxc5 39.bxc5 Kd7 40.e4 
Ke6 41.Rb1 Rxc5 42.Rb6+ Kd7 43.Rxa6 d4 44.Kd2 Rc3 45.Ra7+ Ke6 46.Ra6+ Ke7 
47.Ra7+ Ke6 48.Ra6+ 1/2-1/2

[Event "XIII American Continental"]
[Site "Montevideo URU"]
[Date "2018.06.07"]
[Round "8"]
[White "Di Berardino, Diego Rafael"]
[Black "Cruz Sanchez, Cristhian"]
[Result "1/2-1/2"]
[WhiteElo "2525"]
[BlackElo "2576"]
[EventDate "2018.06.01"]
[PlyCount "100"]

1.d4 Nf6 2.c4 e6 3.Nc3 Bb4 4.e3 b6 5.Ne2 c5 6.a3 Ba5 7.Rb1 Qe7 8.g3 cxd4 
9.exd4 Bb7 10.d5 Bxc3+ 11.bxc3 O-O 12.Bg2 d6 13.O-O Qc7 14.Nd4 Qxc4 15.Rb4
Qc8 16.dxe6 Bxg2 17.exf7+ Rxf7 18.Kxg2 Na6 19.Rb2 Qxc3 20.Re2 Qc7 21.Rfe1 
Qd7 22.Bb2 Nc5 23.f3 Raf8 24.Qd2 Nd5 25.Ba1 Ne7 26.Kg1 Nc6 27.f4 Nxd4 28.
Qxd4 Nb3 29.Qd5 Nxa1 30.Rxa1 Qc7 31.Kg2 Qc5 32.Rd2 Rd8 33.a4 Qxd5+ 34.Rxd5
Rc7 35.Rad1 Rc2+ 36.Kf3 Kf7 37.h4 Ke7 38.h5 Rc5 39.g4 Ke6 40.f5+ Ke7 41.g5
Rxd5 42.Rxd5 Rc8 43.Rd4 h6 44.Re4+ Kd7 45.gxh6 gxh6 46.Re6 Rc3+ 47.Kg4 
Rc4+ 48.Kg3 Rc5 49.Kg4 Rc4+ 50.Kg3 Rc5 1/2-1/2

[Event "XIII American Continental"]
[Site "Montevideo URU"]
[Date "2018.06.07"]
[Round "8"]
[White "Henriquez Villagra, Cristobal"]
[Black "Liang, Awonder"]
[Result "0-1"]
[WhiteElo "2518"]
[BlackElo "2571"]
[EventDate "2018.06.01"]
[PlyCount "110"]

1.c4 Nf6 2.g3 e6 3.Bg2 d5 4.Nf3 Be7 5.O-O O-O 6.d3 c5 7.Nc3 d4 8.Na4 a6 9.
b3 b5 10.Nb2 Bb7 11.e4 dxe3 12.fxe3 Nc6 13.Qe2 Qc7 14.Nd1 Nd7 15.Bb2 Bf6 
16.Bxf6 Nxf6 17.Rc1 Ne5 18.Nxe5 Bxg2 19.Kxg2 Qxe5 20.Nf2 Rfd8 21.Rc2 b4 
22.Rd1 a5 23.d4 Qc7 24.Qf3 a4 25.Rcd2 axb3 26.axb3 cxd4 27.Rxd4 Rf8 28.e4 
h6 29.R1d2 Ra3 30.R4d3 Rfa8 31.Qf4 Qc6 32.Kh3 Nh7 33.Rd8+ Nf8 34.Ng4 Qc5 
35.Qe5 Qe7 36.Rxa8 Rxa8 37.Kg2 Ng6 38.Qb5 Ra3 39.Rd7 Ra2+ 40.Kg1 Ra1+ 41.
Kg2 Ra2+ 42.Kf1 Qf8 43.Qb6 Ra8 44.c5 h5 45.c6 hxg4 46.c7 Kh7 47.Rd8 Ra1+ 
48.Ke2 Qe7 49.Qb5 Nf4+ 50.gxf4 Qh4 51.Qxb4 Qxh2+ 52.Kd3 Rd1+ 53.Kc4 Rc1+ 
54.Qc3 Qe2+ 55.Kd4 Qf2+ 0-1

[Event "XIII American Continental"]
[Site "Montevideo URU"]
[Date "2018.06.07"]
[Round "8"]
[White "Pichot, Alan"]
[Black "Cori Quispe, Kevin Joel"]
[Result "1/2-1/2"]
[WhiteElo "2564"]
[BlackElo "2468"]
[EventDate "2018.06.01"]
[PlyCount "94"]

1.e4 c5 2.Nf3 e6 3.d4 cxd4 4.Nxd4 Nc6 5.Nc3 Qc7 6.Be3 a6 7.Qf3 Nf6 8.O-O-O
Ne5 9.Qg3 b5 10.f4 Neg4 11.Bg1 h5 12.Bd3 b4 13.Na4 Bb7 14.e5 Nd5 15.h3 Nh6
16.f5 h4 17.Qe1 Be7 18.Kb1 Rc8 19.g4 Bg5 20.Nb3 Nf4 21.Be4 Bxe4 22.Qxe4 
Qc6 23.Qxc6 dxc6 24.fxe6 fxe6 25.Nac5 Nf7 26.Nxa6 Be7 27.Be3 Nd5 28.Bc5 
Ng5 29.Nd4 Rf8 30.Bd6 Bxd6 31.exd6 Kd7 32.Rhe1 Nf3 33.Nxf3 Rxf3 34.Nc5+ 
Kxd6 35.Nxe6 Rxh3 36.Nxg7 Rg8 37.Nf5+ Kc5 38.Rh1 Rxh1 39.Rxh1 Rxg4 40.Nxh4
Rg3 41.Nf5 Rf3 42.Nh4 Rg3 43.Kc1 Ne3 44.Re1 Kd5 45.Kd2 Nc4+ 46.Kc1 Ne3 47.
Kd2 Nc4+ 1/2-1/2

[Event "XIII American Continental"]
[Site "Montevideo URU"]
[Date "2018.06.07"]
[Round "8"]
[White "Perez Ponsa, Federico"]
[Black "Hoffman, Alejandro"]
[Result "1/2-1/2"]
[WhiteElo "2556"]
[BlackElo "2475"]
[EventDate "2018.06.01"]
[PlyCount "67"]

1.e4 c5 2.Nf3 d6 3.d4 cxd4 4.Nxd4 Nf6 5.Nc3 g6 6.Be3 Bg7 7.f3 a6 8.Qd2 h5 
9.Be2 Nbd7 10.Nd5 e5 11.Nb3 Nxd5 12.Qxd5 Nf6 13.Qd2 Be6 14.O-O-O Bf8 15.
Bg5 Be7 16.h4 Qc7 17.Kb1 O-O-O 18.c4 Kb8 19.Rc1 Ng8 20.Be3 f5 21.Bf2 Nf6 
22.Qe3 Kc8 23.c5 d5 24.c6 b5 25.Nc5 d4 26.Qa3 Qb6 27.Bd3 fxe4 28.fxe4 Bc4 
29.Bxc4 bxc4 30.Qh3+ Kb8 31.c7+ Kxc7 32.Nb3 Nxe4 33.Rxc4+ Kb8 34.Bg3 
1/2-1/2

[Event "XIII American Continental"]
[Site "Montevideo URU"]
[Date "2018.06.07"]
[Round "8"]
[White "Mekhitarian, Krikor Sevag"]
[Black "Donoso Diaz, Sebastian"]
[Result "1-0"]
[WhiteElo "2546"]
[BlackElo "2184"]
[EventDate "2018.06.01"]
[PlyCount "65"]

1.Nf3 d5 2.c4 dxc4 3.Qa4+ Nd7 4.g3 g6 5.Bg2 Bg7 6.O-O Nf6 7.Qxc4 O-O 8.d4 
Nb6 9.Qb3 Be6 10.Qd1 Qc8 11.Nc3 Bh3 12.e4 Bxg2 13.Kxg2 Nfd7 14.Bf4 Rd8 15.
Qe2 Bxd4 16.Nxd4 e5 17.Be3 exd4 18.Bxd4 c5 19.Be3 Qc6 20.Rad1 Nf8 21.a4 
Nxa4 22.Nd5 Qe6 23.Bg5 Rxd5 24.Rxd5 Re8 25.Re1 Qc6 26.Qc2 Ne6 27.Be3 Nc7 
28.Rdd1 Rxe4 29.Rd6 Qxd6 30.Qxe4 Qd5 31.Qxd5 Nxd5 32.b3 Nb2 33.Bxc5 1-0

[Event "XIII American Continental"]
[Site "Montevideo URU"]
[Date "2018.06.07"]
[Round "8"]
[White "Moradiabadi, Elshan"]
[Black "Panjwani, Raja"]
[Result "1/2-1/2"]
[WhiteElo "2549"]
[BlackElo "2456"]
[EventDate "2018.06.01"]
[PlyCount "189"]

1.d4 Nf6 2.c4 e6 3.Nc3 d5 4.cxd5 exd5 5.Bg5 c6 6.e3 Be7 7.Bd3 Nbd7 8.Qc2 
Nf8 9.Nge2 Ne6 10.Bh4 g6 11.f3 O-O 12.O-O-O a5 13.g4 b5 14.Bxf6 Bxf6 15.h4
b4 16.Na4 Ba6 17.Bxa6 Rxa6 18.Kb1 Re8 19.h5 Ng5 20.hxg6 fxg6 21.e4 Ne6 22.
f4 dxe4 23.Qc4 Ra7 24.f5 Qd5 25.Qxd5 cxd5 26.fxe6 Rxe6 27.Rc1 Bg5 28.Rc5 
Rd6 29.Kc2 Rf7 30.Rxa5 Rf2 31.Kd1 h6 32.Rb5 Rf3 33.Rb6 Rxb6 34.Nxb6 b3 35.
axb3 Rxb3 36.Nxd5 Rxb2 37.Ndc3 Be3 38.Rh3 Rd2+ 39.Ke1 Rd3 40.Kf1 h5 41.
gxh5 Bxd4 42.Rxd3 exd3 43.Nxd4 gxh5 44.Nf3 h4 45.Nd2 h3 46.Kg1 h2+ 47.Kxh2
Kf7 48.Kg3 Ke6 49.Kf4 Kf6 50.Ke4 Ke6 51.Nd5 Kd6 52.Nf4 Ke7 53.Ke5 Kf7 54.
Nd5 Kg6 55.Ne7+ Kf7 56.Nf5 Kg6 57.Nd6 Kg5 58.Nf7+ Kg6 59.Ke6 Kg7 60.Ne5 
Kg8 61.Kf6 Kf8 62.Nf7 Kg8 63.Nd6 Kf8 64.Ke6 Kg7 65.Kf5 Kg8 66.Kg6 Kf8 67.
Kf6 Kg8 68.Nf5 Kf8 69.Ng7 Kg8 70.Ne6 Kh7 71.Kg5 Kg8 72.Kg6 Kh8 73.Kf7 Kh7 
74.Ng7 Kh6 75.Kf6 Kh7 76.Nf5 Kg8 77.Ke7 Kh7 78.Kf7 Kh8 79.Kg6 Kg8 80.Ng7 
Kf8 81.Kf6 Kg8 82.Ne6 Kh7 83.Kf5 Kh6 84.Nd8 Kg7 85.Ke6 Kg6 86.Nf7 Kg7 87.
Ne5 Kf8 88.Kd7 Kg8 89.Ke8 Kg7 90.Ke7 Kg8 91.Nd7 Kg7 92.Nf8 Kh6 93.Kf6 Kh5 
94.Kf5 Kh6 95.Ke4 1/2-1/2

[Event "XIII American Continental"]
[Site "Montevideo URU"]
[Date "2018.06.07"]
[Round "8"]
[White "Martinez Alcantara, Jose Eduardo"]
[Black "Thavandiran, Shiyam"]
[Result "1-0"]
[WhiteElo "2539"]
[BlackElo "2417"]
[EventDate "2018.06.01"]
[PlyCount "123"]

1.c4 c5 2.Nf3 Nf6 3.g3 e6 4.Bg2 a6 5.Nc3 Qc7 6.O-O d6 7.b3 Be7 8.Bb2 b6 9.
d4 cxd4 10.Nxd4 Bb7 11.e4 Nbd7 12.Qe2 O-O 13.h3 Rfe8 14.Rac1 Rac8 15.Kh2 
Bf8 16.f4 Qb8 17.Rce1 g6 18.e5 Bxg2 19.Kxg2 Nh5 20.Ne4 dxe5 21.fxe5 Qxe5 
22.Qf2 f6 23.Qd2 Qc7 24.g4 Nc5 25.gxh5 Nxe4 26.Rxe4 Qb7 27.Re1 f5 28.Nxf5 
gxf5 29.Qg5+ Bg7 30.Bxg7 Qxg7 31.Qxg7+ Kxg7 32.Rxe6 Rxe6 33.Rxe6 b5 34.
cxb5 axb5 35.Kf3 Rc2 36.Ra6 b4 37.h6+ Kg8 38.Kf4 Rh2 39.Kxf5 Rxh3 40.Ke5 
Rd3 41.Ra7 Rd2 42.Ke6 Re2+ 43.Kd5 Rc2 44.Kd6 Rh2 45.Kc5 Rxh6 46.Kxb4 Rf6 
47.Re7 h5 48.a4 h4 49.a5 Rh6 50.Re1 Kf7 51.Kb5 Rh5+ 52.Kb6 Rh6+ 53.Kc7 h3 
54.b4 h2 55.Rh1 Ke6 56.a6 Rh4 57.b5 Kd5 58.a7 Rh7+ 59.Kb6 Rh6+ 60.Kb7 Rh7+
61.Ka6 Rh6+ 62.b6 1-0

[Event "XIII American Continental"]
[Site "Montevideo URU"]
[Date "2018.06.07"]
[Round "8"]
[White "Alonso, Salvador"]
[Black "Santarius, Erik"]
[Result "1/2-1/2"]
[WhiteElo "2519"]
[BlackElo "2387"]
[EventDate "2018.06.01"]
[PlyCount "87"]

1.e4 c6 2.d4 d5 3.Nd2 dxe4 4.Nxe4 Nd7 5.Ng5 Ngf6 6.Bd3 e6 7.Qe2 Bd6 8.N1f3
h6 9.Ne4 Nxe4 10.Qxe4 Qe7 11.Bd2 e5 12.dxe5 Nxe5 13.O-O-O Nxd3+ 14.Qxd3 
Be6 15.Qd4 Rg8 16.Bf4 Bc5 17.Qd3 Qf6 18.Be5 Qg6 19.Qc3 Bxf2 20.Rd2 Bb6 21.
a4 Qe4 22.Bd4 O-O-O 23.Re1 Bxd4 24.Rxd4 Qg6 25.a5 a6 26.b3 Rxd4 27.Nxd4 
Qxg2 28.Nxe6 fxe6 29.Rxe6 Rd8 30.Kb2 Qxh2 31.Qxg7 Qd2 32.Qe5 Qd4+ 33.Qxd4 
Rxd4 34.Rxh6 Rd5 35.b4 c5 36.c4 Rd2+ 37.Kc3 Ra2 38.Rh8+ Kc7 39.Rh7+ Kc6 
40.Rh6+ Kc7 41.Rh7+ Kc6 42.Rh6+ Kc7 43.Rh7+ Kc6 44.Rh3 1/2-1/2

[Event "XIII American Continental"]
[Site "Montevideo URU"]
[Date "2018.06.07"]
[Round "8"]
[White "Vera Siguenas, Deivy"]
[Black "Gemy Vargas, Jose Daniel"]
[Result "1-0"]
[WhiteElo "2516"]
[BlackElo "2393"]
[EventDate "2018.06.01"]
[PlyCount "73"]

1.e4 e5 2.Nf3 Nc6 3.d4 exd4 4.Bc4 Nf6 5.e5 d5 6.Bb5 Ne4 7.Nxd4 Bd7 8.Bxc6 
bxc6 9.O-O Be7 10.f3 Nc5 11.f4 f5 12.b4 Ne4 13.e6 Bc8 14.Bb2 Bf6 15.Nd2 c5
16.bxc5 Bxd4+ 17.Bxd4 O-O 18.Nf3 Bxe6 19.Ne5 Qe7 20.Qd3 a5 21.Rfd1 a4 22.
Rab1 a3 23.Qe3 Ra6 24.Rb3 Rfa8 25.Rdb1 Qe8 26.Rb7 Qc8 27.Nd3 h6 28.Be5 d4 
29.Qxd4 Bxa2 30.R1b4 Bf7 31.Rxc7 Qe6 32.Rbb7 a2 33.Qa1 Rf8 34.Bxg7 Nxc5 
35.Bxf8 Qe3+ 36.Kf1 Rg6 37.Bxc5 1-0

[Event "XIII American Continental"]
[Site "Montevideo URU"]
[Date "2018.06.07"]
[Round "8"]
[White "Ruiz Castillo, Joshua Daniel"]
[Black "Morovic Fernandez, Ivan"]
[Result "1-0"]
[WhiteElo "2378"]
[BlackElo "2513"]
[EventDate "2018.06.01"]
[PlyCount "165"]

1.e4 e5 2.Nf3 Nc6 3.Bb5 a6 4.Ba4 Nf6 5.O-O Be7 6.Re1 b5 7.Bb3 d6 8.c3 O-O 
9.h3 Nb8 10.d4 Nbd7 11.Nbd2 c5 12.d5 c4 13.Bc2 Qc7 14.Nf1 a5 15.Ng3 Nc5 
16.Nh4 g6 17.Nf3 b4 18.Bh6 Re8 19.Nd2 Ba6 20.cxb4 axb4 21.Rc1 Qa5 22.Bb1 
Na4 23.b3 Nc3 24.Qf3 Nxb1 25.Nxb1 Qxa2 26.bxc4 Bxc4 27.Nf5 Nd7 28.Nd2 Bb5 
29.Nxe7+ Rxe7 30.Rc7 f6 31.Rec1 Qa3 32.Nb3 Ba4 33.Ra1 Bxb3 34.Rxa3 bxa3 
35.Qxb3 a2 36.Rc1 Nc5 37.Qb6 a1=Q 38.Rxa1 Rxa1+ 39.Kh2 Nb7 40.Qc6 Ra8 41.
Bd2 Kf7 42.Bb4 Rd8 43.h4 h5 44.f3 Rdd7 45.Qb6 Re8 46.Qc6 Ke7 47.Kh3 Nd8 
48.Qb6 Nf7 49.Kh2 Rc8 50.Ba5 Rc5 51.Bb4 Rc2 52.Ba5 Rc5 53.Bb4 Rc2 54.Ba5 
Ra2 55.Bb4 Raa7 56.Ba5 Rab7 57.Qc6 Rb8 58.Bb6 f5 59.exf5 gxf5 60.g3 Rdb7 
61.Be3 Rb1 62.Bc1 Kf6 63.Qc2 Ra1 64.g4 hxg4 65.fxg4 fxg4 66.h5 Rg8 67.Kg3 
Ra5 68.Qd3 Rc5 69.Be3 Rcc8 70.Bd2 Rc5 71.Bb4 Rc7 72.Qf1+ Ke7 73.Qf5 Rd7 
74.Ba5 Ra7 75.Qe6+ Kf8 76.Bb4 Re7 77.Qf5 Rg5 78.Qf6 Ke8 79.h6 Rg8 80.h7 
Rh8 81.Bxd6 Rd7 82.Bc5 Rxh7 83.Qe6+ 1-0

[Event "XIII American Continental"]
[Site "Montevideo URU"]
[Date "2018.06.07"]
[Round "8"]
[White "Rodriguez Vila, Andres"]
[Black "Varacalli, Francisco"]
[Result "1/2-1/2"]
[WhiteElo "2483"]
[BlackElo "2312"]
[EventDate "2018.06.01"]
[PlyCount "92"]

1.e4 e5 2.Nf3 Nc6 3.Bc4 Bc5 4.O-O Nf6 5.d3 d6 6.a4 a5 7.c3 h6 8.Na3 O-O 9.
Re1 Be6 10.Bxe6 fxe6 11.Nc2 Ba7 12.d4 exd4 13.cxd4 Qd7 14.Be3 Ne7 15.Nd2 
d5 16.e5 Ne8 17.f4 c6 18.Kh1 Nc7 19.Nf1 Rf7 20.Qd2 Bb6 21.g4 Na6 22.Ng3 c5
23.Nh5 cxd4 24.Nxd4 Nc5 25.Rad1 Ne4 26.Qg2 Bxd4 27.Bxd4 Nc6 28.g5 hxg5 29.
fxg5 Nxd4 30.Rxd4 Rf2 31.Qg1 Qf7 32.Nf6+ Nxf6 33.gxf6 Rf5 34.Rg4 g5 35.Rf1
Rxf1 36.Rxg5+ Kf8 37.Qxf1 Qh7 38.Qc1 Rd8 39.Kg1 b6 40.Rg7 Qh4 41.Qe3 Rc8 
42.Rg2 Rc4 43.h3 Rxa4 44.Kh1 Re4 45.Qa3+ Rb4 46.Qc3 Rc4 1/2-1/2

[Event "XIII American Continental"]
[Site "Montevideo URU"]
[Date "2018.06.07"]
[Round "8"]
[White "Salinas Herrera, Pablo"]
[Black "De Dovitiis, Alejo"]
[Result "1-0"]
[WhiteElo "2463"]
[BlackElo "2343"]
[EventDate "2018.06.01"]
[PlyCount "67"]

1.d4 d6 2.e4 Nf6 3.Nc3 g6 4.Nf3 Bg7 5.Be2 O-O 6.O-O c5 7.d5 Na6 8.Re1 Nc7 
9.a4 Bg4 10.Bf1 a6 11.h3 Bxf3 12.Qxf3 Nd7 13.Qd1 Rb8 14.a5 b5 15.axb6 Nxb6
16.Nb1 e6 17.dxe6 fxe6 18.c3 d5 19.exd5 exd5 20.Nd2 Qd7 21.Nf3 d4 22.cxd4 
cxd4 23.Bg5 Ne6 24.Rxa6 Kh8 25.Bh4 Nc5 26.Re7 Qd5 27.Raa7 Nbd7 28.Ra5 Rf7 
29.Qc1 d3 30.Rxf7 Qxf7 31.Rxc5 Nxc5 32.Qxc5 Qd7 33.Ne5 Qa4 34.Qd5 1-0

[Event "XIII American Continental"]
[Site "Montevideo URU"]
[Date "2018.06.07"]
[Round "8"]
[White "Tristan, Leonardo"]
[Black "Foisor, Sabina-Francesca"]
[Result "1-0"]
[WhiteElo "2459"]
[BlackElo "2301"]
[EventDate "2018.06.01"]
[PlyCount "117"]

1.d4 d5 2.c4 c6 3.cxd5 cxd5 4.Bg5 h6 5.Bh4 Nc6 6.Nc3 g5 7.Bg3 Bg7 8.e3 Nf6
9.Bd3 a6 10.Rc1 Be6 11.h3 Rc8 12.Nf3 b5 13.Ne5 Nd7 14.Nxc6 Rxc6 15.O-O Nb6
16.Nxb5 Rxc1 17.Qxc1 axb5 18.Bc7 Qd7 19.Bxb6 O-O 20.Bc5 g4 21.hxg4 Bxg4 
22.Qd2 Rb8 23.Qb4 Rb7 24.Qa5 Bf6 25.Rc1 Kg7 26.Qa6 b4 27.Bc2 Qb5 28.Qxb5 
Rxb5 29.Bb3 e5 30.Bxd5 exd4 31.exd4 Be6 32.Bb3 Bxb3 33.axb3 Rb7 34.Rc4 Be7
35.Kf1 Kf6 36.Ke2 Ke6 37.Kd3 Bxc5 38.Rxc5 Ra7 39.Rc6+ Kf5 40.Rxh6 Ra2 41.
Kc2 Ra1 42.Rh5+ Ke6 43.Re5+ Kd6 44.Rf5 Ke6 45.g4 Rg1 46.f3 Rg2+ 47.Kd3 
Rxb2 48.Kc4 Rd2 49.d5+ Kd6 50.f4 Rc2+ 51.Kxb4 f6 52.Rxf6+ Kxd5 53.g5 Rc8 
54.g6 Kd4 55.g7 Rb8+ 56.Ka3 Kc3 57.Rf8 Rxb3+ 58.Ka4 Rb4+ 59.Ka5 1-0

[Event "XIII American Continental"]
[Site "Montevideo URU"]
[Date "2018.06.07"]
[Round "8"]
[White "Sosa, Tomas"]
[Black "Grabinsky, Aaron"]
[Result "1-0"]
[WhiteElo "2453"]
[BlackElo "2296"]
[EventDate "2018.06.01"]
[PlyCount "57"]

1.e4 c6 2.d4 d5 3.e5 Bf5 4.h4 h5 5.Bd3 Bxd3 6.Qxd3 e6 7.Bg5 Be7 8.Nf3 Nh6 
9.Nc3 Nf5 10.Ne2 Qa5+ 11.c3 Qa6 12.Qd2 Nd7 13.Bxe7 Nxe7 14.O-O c5 15.Ng3 
Qb6 16.Qg5 g6 17.Rfe1 Rc8 18.c4 dxc4 19.Ne4 Nf5 20.d5 O-O 21.Rad1 Rcd8 22.
dxe6 Qxe6 23.Nxc5 Qc6 24.Ne4 Kg7 25.Nd6 Nh6 26.Nd4 Qb6 27.N4f5+ Nxf5 28.
Nxf5+ Kg8 29.Rd6 1-0